Historia de la Fotografía

Salvato in:
Dettagli Bibliografici
Autore principale: Rodríguez Villegas, Hernán (Autore)
Ente Autore: Centro Nacional del Patrimonio Fotográfico (Autore)
Natura: Libro
Lingua:spagnolo
Pubblicazione: Santiago Ograma S.A 2001
Edizione:1a. ed
Soggetti:
Tags: Aggiungi Tag
Nessun Tag, puoi essere il primo ad aggiungerne!!

MARC

LEADER 00000nam a2200000 a 4500
001 UCJ8784
003 CL-VaPUC
008 070124e20011200CL |||||||||||||||||spa|d
020 |a 9568137009 
082 0 4 |a 779  |b ROD  |2 21 
100 0 |a Rodríguez Villegas, Hernán  |e author  |9 518029 
110 2 |a Centro Nacional del Patrimonio Fotográfico  |e author  |9 518030 
245 1 0 |a Historia de la Fotografía 
246 1 0 |a Fotógrafos en Chile durante el siglo XIX 
250 |a 1a. ed 
300 |a 184 p 
942 |c BK 
945 |d 20070124 00:00:00  |a fvergara 
260 |a Santiago  |b Ograma S.A  |c 2001 
500 |a El autor, tiene una vasta trayectoria en el campo de la Arquitectura, la Restauración y la Puesta en valor del patrimonio fotográfico. Ha dedicado más de dos décadas al rescate e investigación de los orígenes y obras de fotógrafos, sobretodo inmigrantes, que hasta ahora habían permanecido en el anonimato. La presente obra, recoge esa herencia de imágenes, que son el sustento gráfico de nuestra geografía e identidad histórica y que representa la memoria visual de Chile durante el siglo XIX. Además, entrega un completo registro de autores y sus establecimientos, un Glosario técnico y un Índice onomástico 
650 7 |a FOTOGRAFIAS SIGLO 19  |2 CL-VaPUC  |9 517733 
650 0 |a Fotógrafos  |9 327623 
650 0 |a Ciudades  |9 265474 
650 0 |a Costumbres y tradiciones   |9 268292 
650 0 |a Retratos  |9 313437 
650 7 |a INDUSTRIA FOTOGRAFICA  |2 CL-VaPUC  |9 518031 
650 7 |a LITOGRAFIAS  |2 CL-VaPUC  |9 367923 
650 0 |a Grabados  |9 310822 
651 7 |a CHILE  |2 CL-VaPUC  |9 518032 
583 |a last modification  |c 20160829 04:28:11  |k Rodrigo Vera 
999 |c 324436  |d 324434 
952 |0 0  |1 0  |4 0  |6 779_000000000000000_ROD_2001  |7 0  |8 X  |9 404548  |a FDOBUD  |b FDOBUD  |d 2019-11-22  |i 1084097  |o 779 ROD 2001  |p 1084097  |r 2019-11-22  |w 2019-11-22  |y BK_X  |k BUD 
952 |0 0  |1 0  |4 0  |6 779_000000000000000_ROD_2001  |7 0  |8 X  |9 404549  |a FDOBUD  |b FDOBUD  |d 2019-11-22  |i 1084100  |o 779 ROD 2001  |p 1084100  |r 2019-11-22  |w 2019-11-22  |y BK_X  |k BUD